1407 1176 1655 1527 1142 1142 1740 1233 1270 1423 1815 1826 1697 1822 1314 1183 1086 1320 1757 1682 1445 1791 1464 1871 1689 1491 1618 1171 1026 1576 1919 1062 1117 1746 1230 1774 1252 1860 1589 1451 1023 1781 1258 1957 1947 1626 1290 1870 1071 1282 1044 1978 1621 1013 1567 1487 1407 1232 1221 1950 1721 1032 1264 1418 1518 1638 1757 1860 1452 1587 1338 1610 1342 1410 1031 1731 1935 1763 1666 1534 1882 1747 1787 1014 1479 1257 1675 1562 1711 1580 1331 1494 1074 1464 1437 1924 1170 1956 1276 BCNSPRNW ULIB Ver.6.0+V

เปลี่ยนเป็นภาษาไทย

Change to English
 แสดงรายละเอียดบรรณานุกรม
  กลับหน้าหลัก

Brief Record : Get Marc (ISO 2709) : E-mail record : QR code < ปิดหน้าต่าง
LEADER : 00000nam 2200000uu 4500
001    13399120839
003     ULIB
008    121019s2548||||th 000 0 tha d
020    ^a9749273443
020    ^a9789749273449
050  4 ^aBQ6160^bม862ก ล.2 2548
100 0  ^aบูรพา ผดุงไทย
245 10 ^aเกิดแต่กรรม 2 กับแม่ชีธนพร(ทศพร)/^cบูรพา ผดุงไทย
250    ^aพิมพ์ครั้งที่ 7
260    ^aกรุงเทพฯ :^bมีเดียอ๊อฟมีเดียส์,^c2548
300    ^a160 หน้า^bภาพประกอบสี
650  7 ^aกรรม
945    ^p160^l0^i14910
995    ^aกัณชพร
999 ^a ใช้งานได้ทุกระบบ
รายการนี้ยังไม่มีแท็ก
คุณยังไม่ได้ล็อกอิน คุณสามารถมีกิจกรรมร่วมกับเว็บไซต์ได้ แต่ต้องล็อกอินก่อน ::
  ล็อกอิน

รายการสื่อสารสนเทศ

ลำดับที่ ประเภท เลขเรียก/บาร์โค้ด สถานที่ สถานะ
1. วิทยาศาสตร์การแพทย์ และสุขภาพ
วิทยาศาสตร์การแพทย์ และสุขภาพ
BQ6160 ม862ก ล.2 2548  
  Barcode: 14910
ห้องสมุดวิทยาเขตสวรรค์ประชารักษ์
►หนังสือทั่วไป
บนชั้น

รายการใกล้เคียง
    ผู้แต่ง [บูรพา ผดุงไทย]

    หัวเรื่อง [กรรม]

BibComment


ยังไม่เคยถูกคอมเมนท์

คอมเมนท์ทรัพยากรรายการนี้
  คอมเมนท์: เกิดแต่กรรม 2 กั..


 Copyright 2026. Bcnsprnw @Library